<?xml version="1.0" encoding="UTF-8"?>
<record
    xmlns:xsi="http://www.w3.org/2001/XMLSchema-instance"
    xsi:schemaLocation="http://www.loc.gov/MARC21/slim http://www.loc.gov/standards/marcxml/schema/MARC21slim.xsd"
    xmlns="http://www.loc.gov/MARC21/slim">

  <leader>02500nam a2200313 u 4500</leader>
  <controlfield tag="001">1450972</controlfield>
  <controlfield tag="005">20260508090907.0</controlfield>
  <controlfield tag="008">160915s2011                        spa  </controlfield>
  <datafield tag="020" ind1=" " ind2=" ">
    <subfield code="a">8495346370</subfield>
  </datafield>
  <datafield tag="035" ind1=" " ind2=" ">
    <subfield code="a">1450972</subfield>
  </datafield>
  <datafield tag="040" ind1=" " ind2=" ">
    <subfield code="c">comduadb</subfield>
  </datafield>
  <datafield tag="041" ind1=" " ind2=" ">
    <subfield code="a">spa</subfield>
  </datafield>
  <datafield tag="082" ind1=" " ind2="4">
    <subfield code="a">261</subfield>
  </datafield>
  <datafield tag="100" ind1="1" ind2="0">
    <subfield code="a">Helminiak, Daniel A.</subfield>
    <subfield code="4">aut</subfield>
    <subfield code="e">aut</subfield>
    <subfield code="9">720395</subfield>
  </datafield>
  <datafield tag="245" ind1="1" ind2="0">
    <subfield code="a">Lo que la Biblia realmente dice sobre la homosexualidad</subfield>
  </datafield>
  <datafield tag="250" ind1=" " ind2=" ">
    <subfield code="a">2. edici&#xF3;n</subfield>
  </datafield>
  <datafield tag="260" ind1=" " ind2=" ">
    <subfield code="a">Barcelona :</subfield>
    <subfield code="b">Egales,</subfield>
    <subfield code="c">2011.</subfield>
  </datafield>
  <datafield tag="300" ind1=" " ind2=" ">
    <subfield code="a">256 p&#xE1;ginas :</subfield>
    <subfield code="b">ilustraciones</subfield>
  </datafield>
  <datafield tag="490" ind1="0" ind2=" ">
    <subfield code="a">Colecci&#xF3;n G</subfield>
  </datafield>
  <datafield tag="505" ind1=" " ind2=" ">
    <subfield code="a">CONTENIDO : Introducci&#xF3;n. -- Parte primera: Los hechos de Fe. -- I: El sexo antes de la ca&#xED;da. -- II: El sexo despu&#xE9;s de la ca&#xED;da. -- III: El sexo y la redenci&#xF3;n. -- Parte segunda: Los hechos de la situaci&#xF3;n presente. -- IV: El sexo y el cuerpo. -- V: El sexo y la psique. -- Parte tercera: El sexo y la vida. -- VI: EL sexo antes del matrimonio. -- VII: El sexo en el matrimonio. -- VIII: El sexo y la gracia. -- Bibliograf&#xED;a escogida. .</subfield>
  </datafield>
  <datafield tag="520" ind1="3" ind2=" ">
    <subfield code="a">RESUMEN: Los estudiosos m&#xE1;s destacados &#x2014;como John Boswell, Profesor de Historia en la Universidad de Yale, L. William Countryman, Profesor de Nuevo Testamento en la Universidad de Berkeley y Robin Scroggs, del Union Theological Seminary&#x2014; nos muestran que aquellos que perciben en los pasajes b&#xED;blicos una condena de la homosexualidad, ha sido por una err&#xF3;nea traducci&#xF3;n y/o una pobre interpretaci&#xF3;n de los textos. Daniel A. Helminiak, Ph.D., un respetable te&#xF3;logo y sacerdote cat&#xF3;lico, nos explica de una manera clara y concisa las nuevas interpretaciones de estos estudiosos. Ofreciendo una alternativa exeg&#xE9;tica a la actual interpretaci&#xF3;n oficial que hace la Iglesia cat&#xF3;lica de este texto. El autor pretende conciliar en el lector dos aspectos que hasta ahora han sido incompatibles para muchas personas: sus creencias religiosas y su orientaci&#xF3;n sexual. La Biblia, desde siempre, ha sido utilizada por la jerarqu&#xED;a de la Iglesia cat&#xF3;lica para justificar la esclavitud, la inquisici&#xF3;n, la xenofobia, el racismo, la discriminaci&#xF3;n de la mujer y la persecuci&#xF3;n de los hombres y mujeres homosexuales.</subfield>
  </datafield>
  <datafield tag="650" ind1=" " ind2="7">
    <subfield code="a">&#xC9;tica sexual</subfield>
    <subfield code="2">lemb</subfield>
    <subfield code="9">29396</subfield>
  </datafield>
  <datafield tag="650" ind1=" " ind2="7">
    <subfield code="a">Homosexualidad</subfield>
    <subfield code="2">lemb</subfield>
    <subfield code="9">2402</subfield>
  </datafield>
  <datafield tag="650" ind1=" " ind2=" ">
    <subfield code="a">Homosexualidad en la biblia</subfield>
    <subfield code="9">99692</subfield>
  </datafield>
  <datafield tag="650" ind1=" " ind2=" ">
    <subfield code="a">Homosexualidad y religi&#xF3;n</subfield>
    <subfield code="9">99141</subfield>
  </datafield>
  <datafield tag="650" ind1=" " ind2=" ">
    <subfield code="a">Homosexualidad - Aspectos religiosos - Iglesia Cat&#xF3;lica</subfield>
    <subfield code="9">180668</subfield>
  </datafield>
  <datafield tag="700" ind1="1" ind2="0">
    <subfield code="a">Camacho Posada, Patricio</subfield>
    <subfield code="4">trl</subfield>
    <subfield code="e">trl</subfield>
    <subfield code="9">721685</subfield>
  </datafield>
  <datafield tag="942" ind1=" " ind2=" ">
    <subfield code="c">BOOK</subfield>
  </datafield>
  <datafield tag="999" ind1=" " ind2=" ">
    <subfield code="c">749697</subfield>
    <subfield code="d">749697</subfield>
  </datafield>
  <datafield tag="952" ind1=" " ind2=" ">
    <subfield code="0">0</subfield>
    <subfield code="1">0</subfield>
    <subfield code="4">0</subfield>
    <subfield code="7">0</subfield>
    <subfield code="8">GEN</subfield>
    <subfield code="a">BC</subfield>
    <subfield code="b">BC</subfield>
    <subfield code="d">2016-09-15</subfield>
    <subfield code="e">Buscalibre</subfield>
    <subfield code="g">75770.00</subfield>
    <subfield code="i">C1251326</subfield>
    <subfield code="l">0</subfield>
    <subfield code="o">261.835 H479</subfield>
    <subfield code="p">1015407</subfield>
    <subfield code="r">2023-05-03 00:00:00</subfield>
    <subfield code="t">1</subfield>
    <subfield code="w">2023-05-03</subfield>
    <subfield code="y">BOOK</subfield>
  </datafield>
</record>
